000 00549nam a2200193Ia 4500
999 _c34377
_d34377
003 OSt
005 20200824104002.0
008 190216s9999||||xx |||||||||||||| ||und||
020 _a9788120328471
040 _coclc
082 _a530.41
_bSRI/E
100 _aSrivastava, J P
_94296
245 0 _aElements Of Solid State Physics /
_cJ P Srivastava
250 _a2nd Ed.
260 _bPhi Learning Private Ltd,
_c2009.
_aNew Delhi:
300 _a587p
650 _aPhysics
942 _cBK
_2ddc
_h530.41
_iSRI/E
_k530.41
_mSRI/E